| 000 | 00447pab a2200169 454500 | ||
|---|---|---|---|
| 008 | 180718b2004 xxu||||| |||| 00| 0 eng d | ||
| 100 | _aParanjape, Makarand | ||
| 245 | _aSecularism vs. Hindu nationalism: interrogating the terms of the debate | ||
| 260 | _c2004 | ||
| 300 | _ap.17-27. | ||
| 362 | _aJan-Mar | ||
| 650 | _a Nationalism - India | ||
| 650 | _aSecularism - India | ||
| 650 | _aSecularism | ||
| 773 | _aDialogue | ||
| 909 | _a60342 | ||
| 999 |
_c60342 _d60342 |
||